Normal view
MARC view
Entry Geographic Name
001 - CONTROL NUMBER
- control field: 44800
003 - CONTROL NUMBER IDENTIFIER
- control field: ARRUPE
005 - DATE AND TIME OF LATEST TRANSACTION
- control field: 20190220094520.0
008 - FIXED-LENGTH DATA ELEMENTS
- fixed length control field: 190220|| aca||aabn | a|a d
040 ## - CATALOGING SOURCE
- Original cataloging agency: ARRUPE
- Transcribing agency: ARRUPE
151 ## - HEADING--GEOGRAPHIC NAME
- Geographic name: Kibeho (Rwanda)
- General subdivision: Religious life and customs.
670 ## - SOURCE DATA FOUND
- Source citation: Work cat.: (ARRUPE)0: Ilibagiza, Immaculée. 44798, Our Lady of Kibeho :, c2008.